[Event "Arco op 40th"]
[Site "Arco"]
[Date "2018.10.21"]
[Round "9"]
[White "Lagrotteria, Salvatore"]
[Black "Knitl, Anton"]
[Result "1/2-1/2"]
[WhiteElo "2088"]
[BlackElo "2191"]
[PlyCount "38"]
[EventDate "2018.10.13"]
[EventType "swiss"]
[EventRounds "9"]
[EventCountry "ITA"]
[SourceTitle "CBM 186 Extra"]
[Source "ChessBase"]
[SourceDate "2018.08.24"]
[SourceVersion "1"]
[SourceVersionDate "2018.08.24"]
[SourceQuality "1"]

1. Nf3 d5 2. e3 Nf6 3. c4 e6 4. b3 b6 5. Be2 Bb7 6. 0-0 Bd6 7. Bb2 0-0 8. Nc3 a6 9. cxd5 exd5 10. d4 Nbd7 11. Bd3 Ne4 12. Ne2 Qe7 13. Rc1 f5 14. Rc2 Rae8 15. Qc1 Rf7 16. Rxc7 Bxc7 17. Qxc7 Qd8 18. Qc1 Ndf6 19. Ne5 Rc7 1/2-1/2

[Event "Vienna Husek op-A"]
[Site "Vienna"]
[Date "2012.08.16"]
[Round "4"]
[White "Stoeri, Laura"]
[Black "Knitl, Anton"]
[Result "1/2-1/2"]
[WhiteElo "2057"]
[BlackElo "2187"]
[PlyCount "78"]
[EventDate "2012.08.13"]
[EventType "swiss"]
[EventRounds "7"]
[EventCountry "AUT"]
[SourceTitle "EXT 2014"]
[Source "ChessBase"]
[SourceDate "2013.11.20"]
[SourceVersion "1"]
[SourceVersionDate "2013.11.20"]
[SourceQuality "1"]

1. e4 c5 2. Nf3 Nc6 3. d4 cxd4 4. Nxd4 e6 5. Nb5 d6 6. c4 Nf6 7. N1c3 a6 8. Na3 b6 9. Be2 Bb7 10. Be3 Ne5 11. f4 Ned7 12. Bf3 Be7 13. 0-0 0-0 14. Rc1 h6 15. Qe2 Re8 16. Rfd1 Qc7 17. Nab1 Rac8 18. b3 Qb8 19. Qf2 Nc5 20. Qc2 Qa8 21. Nd2 d5 22. exd5 exd5 23. Nxd5 Nxd5 24. cxd5 Bxd5 25. Bxd5 Qxd5 26. Nc4 Qb7 27. Qf5 Bf8 28. b4 g6 29. Qb1 Ne4 30. Qb3 Re6 31. Kh1 Qe7 32. a3 b5 33. Ne5 Rxc1 34. Rxc1 Bg7 35. Nf3 Ng3+ 36. hxg3 Rxe3 37. Qd5 Rxa3 38. Rc8+ Kh7 39. Rd8 Qe6 1/2-1/2

[Event "Landesliga Sued 1112"]
[Site "Bayern"]
[Date "2012.01.15"]
[Round "5.3"]
[White "Knitl, Anton"]
[Black "Neubauer, Andreas"]
[Result "1-0"]
[WhiteElo "2148"]
[BlackElo "2071"]
[PlyCount "133"]
[EventDate "2011.10.02"]
[EventType "team-tourn"]
[EventRounds "9"]
[EventCountry "GER"]
[SourceTitle "EXT 2013"]
[Source "ChessBase"]
[SourceDate "2012.11.22"]
[SourceVersion "1"]
[SourceVersionDate "2012.11.22"]
[SourceQuality "1"]
[WhiteTeam "Freising"]
[BlackTeam "Landshut"]
[WhiteTeamCountry "GER"]
[BlackTeamCountry "GER"]

1. d4 d5 2. Nf3 Nf6 3. c4 e6 4. Bg5 Be7 5. Nc3 0-0 6. e3 c6 7. Qc2 Nbd7 8. Rd1 Re8 9. Bd3 Nf8 10. 0-0 N6d7 11. Bf4 Ng6 12. Bg3 Ndf8 13. h3 Bd6 14. e4 Bf4 15. Rfe1 dxe4 16. Nxe4 Qc7 17. c5 Bxg3 18. fxg3 b5 19. Nd6 Rd8 20. Ne5 f5 21. Nef7 Rd7 22. Ng5 Rxd6 23. cxd6 Qxd6 24. Qf2 Ne7 25. Nf3 Bd7 26. Ne5 Be8 27. g4 g6 28. Bc2 a5 29. Re3 a4 30. Rg3 Nd7 31. gxf5 exf5 32. Re1 Nf6 33. Kh1 Nh5 34. Rf3 Rd8 35. g4 Ng7 36. gxf5 Nexf5 37. Rf4 Qb4 38. Rg1 Nxd4 39. Be4 Qe7 40. Bxg6 hxg6 41. Rxd4 Qc5 42. Rd2 Qxf2 43. Rxf2 Rd6 44. Rc1 Re6 45. Ng4 Nh5 46. Kh2 Kg7 47. a3 Re4 48. Rc3 Bd7 49. Re3 Rxe3 50. Nxe3 Nf6 51. Rc2 Kf7 52. Kg3 Ke6 53. Kf4 Kd6 54. h4 Nd5+ 55. Nxd5 cxd5 56. Rg2 Be8 57. Re2 Bd7 58. Kg5 Kc5 59. Kxg6 Bg4 60. Rg2 Bf3 61. Rf2 Be4+ 62. Kf6 Kd4 63. Rh2 Bh7 64. h5 Kd3 65. h6 d4 66. Kg7 Be4 67. Rh4 1-0

[Event "Arco op 33rd"]
[Site "Arco"]
[Date "2011.10.30"]
[Round "9"]
[White "Londers, Jan"]
[Black "Knitl, Anton"]
[Result "1/2-1/2"]
[WhiteElo "1891"]
[BlackElo "2188"]
[PlyCount "23"]
[EventDate "2011.10.22"]
[EventType "swiss"]
[EventRounds "9"]
[EventCountry "ITA"]
[SourceTitle "EXT 2012"]
[Source "ChessBase"]
[SourceDate "2011.11.24"]
[SourceVersion "1"]
[SourceVersionDate "2011.11.24"]
[SourceQuality "1"]

1. e4 c5 2. Nf3 Nc6 3. d4 cxd4 4. Nxd4 e6 5. Nc3 Qc7 6. Be3 a6 7. Be2 b5 8. Nxc6 Qxc6 9. Bf3 Bb7 10. 0-0 Qc7 11. Qd4 Ne7 12. Qb6 1/2-1/2

[Event "Arco op 33rd"]
[Site "Arco"]
[Date "2011.10.28"]
[Round "7"]
[White "Knitl, Anton"]
[Black "Ager, Josef"]
[Result "1/2-1/2"]
[WhiteElo "2188"]
[BlackElo "2190"]
[PlyCount "61"]
[EventDate "2011.10.22"]
[EventType "swiss"]
[EventRounds "9"]
[EventCountry "ITA"]
[SourceTitle "EXT 2012"]
[Source "ChessBase"]
[SourceDate "2011.11.24"]
[SourceVersion "1"]
[SourceVersionDate "2011.11.24"]
[SourceQuality "1"]

1. d4 Nf6 2. Nf3 d6 3. c4 c6 4. Nc3 Nbd7 5. e4 e5 6. d5 Be7 7. Be2 0-0 8. 0-0 Nc5 9. Qc2 a5 10. Be3 Na6 11. a3 c5 12. Ne1 Ng4 13. Bxg4 Bxg4 14. f3 Bd7 15. Nd3 Bg5 16. Bf2 g6 17. Nb5 Qe7 18. Rae1 Bh6 19. Bg3 f5 20. Nc3 f4 21. Bf2 b6 22. Rb1 Rac8 23. Na4 Rb8 24. b4 Qe8 25. Nc3 axb4 26. axb4 Bg5 27. bxc5 bxc5 28. Rxb8 Qxb8 29. Rb1 Qc8 30. Qa2 Nc7 31. Qa7 1/2-1/2

[Event "Arco op 33rd"]
[Site "Arco"]
[Date "2011.10.27"]
[Round "6"]
[White "De Santis, Alessio"]
[Black "Knitl, Anton"]
[Result "1/2-1/2"]
[WhiteElo "2307"]
[BlackElo "2188"]
[PlyCount "55"]
[EventDate "2011.10.22"]
[EventType "swiss"]
[EventRounds "9"]
[EventCountry "ITA"]
[SourceTitle "EXT 2012"]
[Source "ChessBase"]
[SourceDate "2011.11.24"]
[SourceVersion "1"]
[SourceVersionDate "2011.11.24"]
[SourceQuality "1"]

1. d4 Nf6 2. Bg5 e6 3. e3 h6 4. Bh4 b6 5. Nd2 Bb7 6. Ngf3 d6 7. h3 Be7 8. Bd3 Nh5 9. Bxe7 Qxe7 10. c3 Nd7 11. a4 e5 12. Nxe5 Nxe5 13. dxe5 Qxe5 14. Bb5+ Kf8 15. Nf3 Qe7 16. 0-0 Nf6 17. a5 g6 18. a6 Bxf3 19. Qxf3 Kg7 20. Bc6 Rad8 21. Ra4 d5 22. Rd4 Qe6 23. Bb7 Rd6 24. Rfd1 Rhd8 25. Qe2 Ne4 26. c4 Nf6 27. cxd5 Nxd5 28. Bxd5 1/2-1/2

[Event "Landesliga Sued 1011"]
[Site "Bayern"]
[Date "2011.02.27"]
[Round "7.3"]
[White "Straub, Juergen"]
[Black "Knitl, Anton"]
[Result "1/2-1/2"]
[WhiteElo "2157"]
[BlackElo "2136"]
[PlyCount "50"]
[EventDate "2010.10.10"]
[EventType "team-tourn"]
[EventRounds "9"]
[EventCountry "GER"]
[SourceTitle "EXT 2012"]
[Source "ChessBase"]
[SourceDate "2011.11.24"]
[SourceVersion "1"]
[SourceVersionDate "2011.11.24"]
[SourceQuality "1"]
[WhiteTeam "Ingolstadt"]
[BlackTeam "Freising"]
[WhiteTeamCountry "GER"]
[BlackTeamCountry "GER"]

1. d4 d5 2. c4 c6 3. Nc3 e6 4. Nf3 Nf6 5. e3 Nbd7 6. Qc2 Bb4 7. Bd3 0-0 8. 0-0 c5 9. cxd5 exd5 10. a3 Bxc3 11. bxc3 c4 12. Bf5 g6 13. Bh3 Nb6 14. Bxc8 Rxc8 15. Nd2 Re8 16. Re1 Rc6 17. f3 Rce6 18. Nf1 Qd7 19. a4 Nc8 20. Ng3 h5 21. Bd2 Nd6 22. Re2 h4 23. Nf1 Nf5 24. Rae1 h3 25. g3 Qc6 1/2-1/2

[Event "Einhausen op"]
[Site "Einhausen"]
[Date "2009.??.??"]
[Round "3"]
[White "Donchenko, Irina"]
[Black "Knitl, Anton"]
[Result "1/2-1/2"]
[WhiteElo "2075"]
[BlackElo "2210"]
[PlyCount "37"]
[EventDate "2009.??.??"]
[EventType "swiss"]
[EventRounds "7"]
[EventCountry "GER"]
[SourceTitle "EXT 2011"]
[Source "ChessBase"]
[SourceDate "2010.11.26"]
[SourceVersion "1"]
[SourceVersionDate "2010.11.26"]
[SourceQuality "1"]

1. d4 d5 2. Nf3 c6 3. c4 Nf6 4. Qc2 dxc4 5. Qxc4 Bg4 6. Nbd2 Nbd7 7. g3 Nb6 8. Qd3 e6 9. Bg2 Be7 10. 0-0 0-0 11. Ne5 Bh5 12. Ne4 Nfd7 13. Nc4 Nxc4 14. Qxc4 Nb6 15. Qd3 Bg6 16. Rd1 a5 17. Bf4 Nd5 18. Qd2 Bb4 19. Qc1 1/2-1/2

[Event "Landesliga Sued 0708"]
[Site "Bayern"]
[Date "2008.04.20"]
[Round "9.2"]
[White "Knitl, Anton"]
[Black "Lang, Marc"]
[Result "0-1"]
[WhiteElo "2125"]
[BlackElo "2273"]
[PlyCount "52"]
[EventDate "2007.10.21"]
[EventType "team-tourn"]
[EventRounds "9"]
[EventCountry "GER"]
[SourceTitle "EXT 2009"]
[Source "ChessBase"]
[SourceDate "2008.11.26"]
[SourceVersion "1"]
[SourceVersionDate "2008.11.26"]
[SourceQuality "1"]
[WhiteTeam "Freising"]
[BlackTeam "Krumbach"]
[WhiteTeamCountry "GER"]
[BlackTeamCountry "GER"]

1. d4 Nf6 2. Nf3 g6 3. c4 Bg7 4. Nc3 d5 5. Bg5 Ne4 6. Bh4 Nxc3 7. bxc3 dxc4 8. Qa4+ c6 9. Qxc4 Qa5 10. e3 Na6 11. Nd2 Be6 12. Qd3 Nc5 13. dxc5 Rd8 14. Qc2 Bxc3 15. Rd1 Bf5 16. e4 Bxe4 17. Qxe4 Bxd2+ 18. Ke2 0-0 19. g4 Qc3 20. Rg1 Rd4 21. Qxd4 Qxd4 22. Rxd2 Qe5+ 23. Kf3 Qxh2 24. Bg3 Qxg1 25. Rd1 Qh1+ 26. Ke3 Qh6+ 0-1

[Event "Bayern-chI Bank Hofmann 10th"]
[Site "Bad Wiessee"]
[Date "2006.11.11"]
[Round "8"]
[White "Knitl, Anton"]
[Black "Jakobsen, Ole"]
[Result "0-1"]
[WhiteElo "2191"]
[BlackElo "2380"]
[PlyCount "112"]
[EventDate "2006.11.04"]
[EventType "swiss"]
[EventRounds "9"]
[EventCountry "GER"]
[SourceTitle "EXT 2007"]
[Source "ChessBase"]
[SourceDate "2006.11.23"]
[SourceVersion "1"]
[SourceVersionDate "2006.11.23"]
[SourceQuality "1"]

1. Nf3 g6 2. e4 Bg7 3. d4 d6 4. Nc3 Nf6 5. Be3 0-0 6. Qd2 Bg4 7. Ng5 a6 8. h3 Bc8 9. 0-0-0 e6 10. Be2 Nc6 11. g4 b5 12. a3 e5 13. Nf3 exd4 14. Nxd4 Nxd4 15. Bxd4 Bb7 16. f3 Qe7 17. Rhe1 Rfe8 18. Bf1 Qf8 19. Kb1 Rad8 20. Qf2 Re6 21. Ne2 c5 22. Bc3 Ree8 23. Nf4 g5 24. Ng2 d5 25. exd5 Rxe1 26. Rxe1 Nxd5 27. Bxg7 Kxg7 28. f4 Nxf4 29. Nxf4 gxf4 30. Qxf4 Qd6 31. Qg5+ Kf8 32. Bd3 h6 33. Qf5 c4 34. Qh7 Qf6 35. Rf1 Qg7 36. Qxg7+ Kxg7 37. Bf5 Rd2 38. h4 Rh2 39. h5 Rh1 40. Rxh1 Bxh1 41. Kc1 Kf6 42. Kd2 Kg5 43. Ke3 Bd5 44. Bc8 a5 45. Bd7 Be6 46. Bxb5 Kxg4 47. Kd4 f5 48. Ke5 Bg8 49. Bd7 Kxh5 50. Bxf5 Kg5 51. Be4 h5 52. Kd4 Kf4 53. Bh1 h4 54. Kc3 h3 55. b4 cxb3 56. cxb3 Ke5 0-1

[Event "Bayern-chI Bank Hofmann 10th"]
[Site "Bad Wiessee"]
[Date "2006.11.10"]
[Round "7"]
[White "Meinhardt, Maximilian"]
[Black "Knitl, Anton"]
[Result "1/2-1/2"]
[WhiteElo "2381"]
[BlackElo "2191"]
[PlyCount "79"]
[EventDate "2006.11.04"]
[EventType "swiss"]
[EventRounds "9"]
[EventCountry "GER"]
[SourceTitle "EXT 2007"]
[Source "ChessBase"]
[SourceDate "2006.11.23"]
[SourceVersion "1"]
[SourceVersionDate "2006.11.23"]
[SourceQuality "1"]

1. e4 c5 2. Nc3 Nc6 3. Bb5 Nd4 4. Bc4 e6 5. Nf3 a6 6. Nxd4 cxd4 7. Ne2 b5 8. Bb3 Qb6 9. d3 Ne7 10. 0-0 Nc6 11. Bd2 Bb7 12. Qe1 b4 13. Ba4 f6 14. f4 Bc5 15. Qg3 Kf8 16. Kh1 Rd8 17. Qh4 Ne7 18. Ng3 d5 19. e5 f5 20. Nh5 Ng8 21. g4 Be7 22. Qh3 Nh6 23. Rg1 fxg4 24. Rxg4 Nxg4 25. Qxg4 g6 26. Rf1 Bc8 27. Ng3 Kg7 28. Rg1 Bd7 29. Bxd7 Rxd7 30. f5 exf5 31. Nxf5+ Kf8 32. Nxd4 Ke8 33. Ne6 d4 34. Ng7+ Kd8 35. Qe4 Qb7 36. Ne6+ Kc8 37. Qxb7+ Kxb7 38. Rf1 Kc6 39. Rf4 Kd5 40. Nxd4 1/2-1/2